[Event "Vem para o pau polenta !!!"]
[Site "http://www.queenalice.com/game.php?id=736856"]
[Date "2010.2.24"]
[Round "-"]
[White "tiagohi"]
[Black "lucianochips"]
[Result "1-0"]
[WhiteElo "1432"]
[BlackElo "1241"]

1. e4 e6 2. d4 d6 3. Nc3 Bd7 4. Qe2 Be7 5. Qg4 g6 6. Bc4 h5 7. Qd1 Nf6 8. d5 e5
9. Nh3 Na6 10. a3 c5 11. f4 h4 12. Bd2 b6 13. Bxa6 Rb8 14. Nb5 Nxe4 15. Nxa7 Ra8
16. Bd3 Nxd2 17. Qxd2 Rxa7 18. O-O Ra5 19. f5 g5 20. Nxg5 f6 21. Ne6 Bxe6 22.
fxe6 Qc8 23. c4 Rh5 24. Bg6+ Kf8 25. Bxh5 e4 26. Qh6+ Kg8 27. Qg6+ Kh8 28. Qf7
Bf8 29. Rxf6 Bg7 30. Raf1 h3 31. R1f2 Rb5 32. Rg6 Qg8 33. Rxg7 Qxg7 34. Qe8+ Qg8
35. g3 Qxe8 36. Bxe8 Rb3 37. e7 Rd3 38. Bg6 Rd1+ 39. Rf1 Rxf1+ 40. Kxf1 Kg7 41.
e8=Q Kh6 42. Bxe4 Kg5 43. Qg6# 1-0

[Event "Vem para o pau polenta !!!"]
[Site "http://www.queenalice.com/game.php?id=736858"]
[Date "2010.2.24"]
[Round "-"]
[White "lucianochips"]
[Black "tiagohi"]
[Result "0-1"]
[WhiteElo "1256"]
[BlackElo "1405"]

1. e3 d5 2. d3 e5 3. Be2 d4 4. Bd2 Nh6 5. Nf3 Qf6 6. e4 Bd6 7. c4 Qg6 8. g3 Ng4
9. h3 Nh6 10. a3 Bd7 11. b4 Ng8 12. c5 Be7 13. Nxe5 Qf6 14. Bf4 Nh6 15. h4 Nc6
16. Nxd7 Kxd7 17. Nd2 Qe6 18. Nc4 f6 19. f3 f5 20. e5 a6 21. O-O Rhg8 22. Qa4 b5
23. Qc2 bxc4 24. Qxc4 Qg6 25. Qd5+ Kc8 26. Qxc6 Qxc6 27. Rac1 a5 28. bxa5 Rxa5
29. Rc4 Rxa3 30. Rb1 Ra2 31. Rcb4 Kd7 32. Rxd4+ Ke6 33. Rc4 Rxe2 34. Kf1 Qxf3+
35. Kg1 Qg2# 0-1

[Event "AUTO-INT-1679"]
[Site "http://www.queenalice.com/game.php?id=764457"]
[Date "2010.4.22"]
[Round "1"]
[White "lucianochips"]
[Black "vindaloo"]
[Result "0-1"]
[WhiteElo "1246"]
[BlackElo "1799"]

1. d3 d5 2. e3 e5 3. Be2 Nf6 4. Bd2 Be7 5. Nf3 Nc6 6. Nc3 e4 7. Nb5 Bg4 8. h3
Bxf3 9. gxf3 exf3 10. Bxf3 a6 11. Nc3 Qd6 12. Bxd5 Nxd5 13. e4 Nf6 14. Qf3 O-O
15. Rg1 Ne5 16. Qe2 Qe6 17. Rg3 c6 18. f4 Ned7 19. f5 Qe5 20. Qf3 g6 21. Bf4 Qd4
22. a4 Bb4 23. Rd1 Nh5 24. Rg4 Ne5 25. Qe2 Nxf4 26. Rxf4 Rae8 27. Kd2 c5 28.
fxg6 fxg6 29. Rxf8+ Rxf8 30. Rg1 Qxg1 31. h4 Nf3+ 32. Qxf3 Rxf3 33. e5 Qg2+ 34.
Ke1 Rf1# 0-1

[Event "AUTO-INT-1679"]
[Site "http://www.queenalice.com/game.php?id=764458"]
[Date "2010.4.22"]
[Round "1"]
[White "vindaloo"]
[Black "lucianochips"]
[Result "1-0"]
[WhiteElo "1801"]
[BlackElo "1244"]

1. e4 e6 2. c4 d6 3. Nf3 Be7 4. Be2 Bd7 5. d4 Nf6 6. Nc3 Nc6 7. d5 Nb4 8. O-O c5
9. a3 Na6 10. Rb1 exd5 11. cxd5 Ng4 12. b4 cxb4 13. axb4 Rc8 14. Qd3 Bf6 15. Nb5
Qb6 16. Bd2 Be5 17. h3 Nh2 18. Nxh2 g5 19. Ng4 Bf4 20. Bxf4 gxf4 21. e5 Bxb5 22.
Qxb5+ Qxb5 23. Bxb5+ Ke7 24. Rfe1 Rc4 25. Bxc4 dxe5 26. Rxe5+ Kf8 27. d6 Nb8 28.
Re7 Nc6 29. Rxf7+ Ke8 30. Re1+ Kd8 31. Nf6 Nxb4 32. d7 Nd3 33. Re8+ Kc7 34.
d8=Q+ Kc6 35. Qd5+ Kb6 36. Re6# 1-0

[Event "AUTO-OPEN-1954"]
[Site "http://www.queenalice.com/game.php?id=764631"]
[Date "2010.4.22"]
[Round "1"]
[White "lucianochips"]
[Black "Pedro666"]
[Result "0-1"]
[WhiteElo "1233"]
[BlackElo "2347"]

1. e3 e5 2. d3 d5 3. Nc3 Nc6 4. Nxd5 Qxd5 5. e4 Qd8 6. Qh5 Nf6 7. Qxe5+ Nxe5 8.
f4 Nc6 9. e5 Nd5 10. g3 Ndb4 11. Rb1 Qd5 12. a3 Qxh1 13. axb4 Qxg1 14. h4 Bh3
15. Kd2 Bxb4+ 16. Kd1 Qxf1# 0-1

[Event "AUTO-OPEN-1954"]
[Site "http://www.queenalice.com/game.php?id=764632"]
[Date "2010.4.22"]
[Round "1"]
[White "Pedro666"]
[Black "lucianochips"]
[Result "1-0"]
[WhiteElo "2347"]
[BlackElo "1231"]

1. d4 e6 2. Nf3 d6 3. e4 Nf6 4. Bd3 Nc6 5. c4 Nb4 6. Qa4+ c6 7. Qxb4 a5 8. Qd2
b6 9. e5 dxe5 10. dxe5 Ng4 11. Be4 Qd7 12. O-O Qxd2 13. Bxd2 Bc5 14. Bxc6+ Bd7
15. Bxa8 Bxf2+ 16. Rxf2 Nxf2 17. Kxf2 h6 18. Nc3 f5 19. exf6 gxf6 20. Re1 Ke7
21. Nd5+ Kf7 22. Nxb6 e5 23. Bxa5 Bg4 24. c5 Rd8 25. c6 Rd2+ 26. Bxd2 f5 27.
Nxe5+ Kf6 28. Bxh6 f4 29. Nxg4+ Kf5 30. c7 Kxg4 31. c8=Q+ Kh5 32. Qe6 Kh4 33.
Qf5 f3 34. g3# 1-0

[Event "AUTO-OPEN-1954"]
[Site "http://www.queenalice.com/game.php?id=764633"]
[Date "2010.4.22"]
[Round "1"]
[White "lucianochips"]
[Black "MC"]
[Result "0-1"]
[WhiteElo "1248"]
[BlackElo "1700"]

1. e4 e5 2. Bb5 b6 3. Qf3 Nf6 4. Qf5 a6 5. Qxe5+ Be7 6. Bc4 Nc6 7. Qf5 b5 8. Bd3
Nd4 9. Kd1 Nxf5 10. exf5 Ng4 11. f3 Nf2+ 12. Ke1 Nxh1 13. f4 Bh4+ 14. Ke2 Qe7+
15. Kf3 Bb7+ 16. Kg4 h5+ 17. Kh3 Nf2# 0-1

[Event "AUTO-OPEN-1954"]
[Site "http://www.queenalice.com/game.php?id=764634"]
[Date "2010.4.22"]
[Round "1"]
[White "MC"]
[Black "lucianochips"]
[Result "1-0"]
[WhiteElo "1663"]
[BlackElo "1242"]

1. e4 e6 2. e5 Nc6 3. d4 Nb4 4. h4 d5 5. Nc3 c6 6. Bg5 Nxc2+ 7. Qxc2 Qb6 8. Nf3
h6 9. Na4 Qb4+ 10. Bd2 Qe7 11. Rc1 b5 12. Qxc6+ Bd7 13. Qxa8+ Qd8 14. Qxd8+ Kxd8
15. Ba5+ Ke7 16. Nc5 Bc6 17. Na6 Kd7 18. Nb8+ Kc8 19. Nxc6 Kd7 20. Bxb5 g5 21.
hxg5 hxg5 22. Rxh8 Ne7 23. Nxa7+ Nc6 24. Bxc6+ Ke7 25. Nc8# 1-0

[Event "AUTO-BEG-392"]
[Site "http://www.queenalice.com/game.php?id=767803"]
[Date "2010.4.28"]
[Round "1"]
[White "hgvergueiro"]
[Black "lucianochips"]
[Result "1-0"]
[WhiteElo "1266"]
[BlackElo "1240"]

1. e4 e6 2. d4 d6 3. Nf3 c6 4. e5 dxe5 5. Nxe5 f6 6. Bg5 fxg5 7. Qf3 Qa5+ 8. c3
Bd6 9. Nf7 g4 10. Qxg4 Kxf7 11. Qf3+ Qf5 12. Bd3 Qf6 13. Qh5+ g6 14. Qe2 Nh6 15.
Nd2 b6 16. O-O-O Na6 17. b4 Bf4 18. Be4 Rd8 19. Bxc6 Rb8 20. b5 Nc7 21. Qc4 Nf5
22. g3 Bg5 23. f4 Bh6 24. Ne4 Qe7 25. Rhf1 g5 26. Qe2 Qa3+ 27. Qb2 Qe7 28. Rfe1
1-0

[Event "AUTO-BEG-392"]
[Site "http://www.queenalice.com/game.php?id=767804"]
[Date "2010.4.28"]
[Round "1"]
[White "lucianochips"]
[Black "hgvergueiro"]
[Result "0-1"]
[WhiteElo "1225"]
[BlackElo "1281"]

1. e3 e5 2. d3 d5 3. Be2 Nf6 4. Nf3 e4 5. dxe4 Nxe4 6. O-O Qf6 7. Bb5+ c6 8. Qd4
cxb5 9. Qxd5 Bf5 10. Ne5 Qe6 11. Qxb5+ Ke7 12. Qc5+ Qd6 13. Qxd6+ Nxd6 14. Nc3
f6 15. Nf3 Bxc2 16. Nd4 Bd3 17. Rd1 Bc4 18. e4 g5 19. Nd5+ Kd7 20. Nxf6+ Ke7 21.
Ng4 h6 22. e5 Ne4 23. Nf5+ Ke6 24. Nfe3 Bc5 25. Nxc4 h5 26. Nge3 g4 27. a3 b5
28. Na5 Rf8 0-1

[Event "AUTO-BEG-392"]
[Site "http://www.queenalice.com/game.php?id=767825"]
[Date "2010.4.28"]
[Round "1"]
[White "RobertoAllan"]
[Black "lucianochips"]
[Result "0-1"]
[WhiteElo "1297"]
[BlackElo "1229"]

1. e4 e6 2. Nf3 d6 3. Bc4 c5 4. O-O Nh6 5. d3 Ng4 6. Nc3 Qg5 7. Nxg5 g6 8. Qxg4
h5 9. Qf4 Na6 10. Qxf7+ Kd8 11. Qf6+ Kd7 12. Qxh8 Nb4 13. Qxf8 Nxc2 14. Rb1 Nd4
15. Bxe6+ Kc6 16. Bxc8 Rxc8 0-1

[Event "AUTO-BEG-392"]
[Site "http://www.queenalice.com/game.php?id=767826"]
[Date "2010.4.28"]
[Round "1"]
[White "lucianochips"]
[Black "RobertoAllan"]
[Result "1-0"]
[WhiteElo "1211"]
[BlackElo "1271"]

1. e3 e5 2. d3 Nc6 3. e4 Nf6 4. f3 Bc5 5. Ne2 O-O 6. h4 d6 7. c4 Be6 8. Bg5 h6
9. Bxf6 Qxf6 10. g3 Qxf3 11. Rg1 Bxg1 12. Nbc3 Qe3 13. Qc2 Nd4 14. Qd2 Qf2+ 15.
Kd1 Qxf1+ 16. Qe1 Qxe1+ 17. Kxe1 Nc2+ 18. Kd2 Nxa1 19. b3 f5 20. Nd5 Bxd5 21.
cxd5 Bh2 22. exf5 Rxf5 23. g4 Rf2 24. b4 Raf8 25. a4 1-0